00696 2200253 4500001002100000005001700021008004100038020002200079035002400101041000800125043001200133082001100145090002100156100001900177245008800196250001000284260003000294300002500324504001600349650001900365700001900384850001200403999002700415YOGYA-0511000000074220110510143642.0 ind  a978-602-978-464-0 0010-051100000000741 aInd aYOPDYOG a956.94 aDep 956.94 Dew D aDEWI MUSTOFIAH aDahsyatnya lobi-lobi gila internasional IsraelcDewi Mustofiah;editor A.S Hariyanto aCet.1 aYogyakartabIrcisodc2011 a199 hlmbilusc20 cm ahlm 197-198 aSejarah Israel aHariyanto, A.S aYOPDYOG aCB - D.11 - 2011 - 145